00507 a2200181 450000100060000002000150000604000370002110000330005824000280009124500230011930000070014236200090014944000120015865000310017094200070020195201000020899900170030871203 a8516006697 cAnchieta - Colégio São Paulo aQueirós, Bartolomeu Campos10aDiário de classelpor10aDiário de classe a470 a1995 1aModerna 4aLiteratura infanto-juvenil cBK 00104070a88.1b88.1d2023-11-22l0o028.5 Q383p164/CSPr2023-11-22 14:27:20w2023-11-22yBK c71203d71203